Lavado de activos ilícitos mediante criptomonedas (Registro nro. 7318)

Detalles MARC
000 -LEADER
fixed length control field 01267 a2200229 4500
001 - CONTROL NUMBER
control field 61446
005 - DATE AND TIME OF LATEST TRANSACTION
control field 20260407155905.0
008 - FIXED-LENGTH DATA ELEMENTS--GENERAL INFORMATION
fixed length control field 260407a2024 arg spa d
003 - CONTROL NUMBER IDENTIFIER
control field AR-UNSa-BCEJYS
040 ## - CATALOGING SOURCE
Original cataloging agency AR-UNSa-BCEJYS
Language of cataloging spa
Transcribing agency AR-UNSa-BCEJYS
080 ## - UNIVERSAL DECIMAL CLASSIFICATION NUMBER
Universal Decimal Classification number 343.53
Common auxiliary subdivision Fraudes en el comercio y en la industria (Derecho Penal Económico)
020 ## - INTERNATIONAL STANDARD BOOK NUMBER
International Standard Book Number 978-987-745-291-4
041 ## - LANGUAGE CODE
Language code of text/sound track or separate title spa
100 1# - MAIN ENTRY--PERSONAL NAME
Personal name Linares, María Belén
245 10 - TITLE STATEMENT
Title Lavado de activos ilícitos mediante criptomonedas
Name of part/section of a work Aspectos sustantivos y procesales del fenómeno criminial. Las operaciones con criptomonedas en la Ley 27.739
264 #1 - PRODUCTION, PUBLICATION, DISTRIBUTION, MANUFACTURE, AND COPYRIGHT NOTICE
Place of production, publication, distribution, manufacture Buenos Aires :
Name of producer, publisher, distributor, manufacturer AD-HOC
Date of production, publication, distribution, manufacture, or copyright notice 2024
300 ## - PHYSICAL DESCRIPTION
Extent 199 p.
Dimensions 23 cm.
505 ## - FORMATTED CONTENTS NOTE
Formatted contents note 1. Delimitación metodología - 2. Contexto regulatorio nacional – 3. Consideraciones relevantes sobre bitcoin – 4. Criptomoneda (en especial bitcoin) como herramienta para lavar activos ilícitos – 5. Caso “Bobinas blancas”: criptolavado de activos ilícitos, resultado típico y conductas neutrales – 6. Técnicas especiales de investigación y procedimiento de incautación de criptomonedas
590 ## - LOCAL NOTE (RLIN)
Local note niveau_biblio:m niveau_hierar:0
856 41 - ELECTRONIC LOCATION AND ACCESS
Uniform Resource Identifier <a href="https://biblioeco.unsa.edu.ar/pmb/images/libros/L129337.jpg">https://biblioeco.unsa.edu.ar/pmb/images/libros/L129337.jpg</a>
Link text Imagen de portada
Electronic format type image/jpeg
942 ## - ADDED ENTRY ELEMENTS (KOHA)
Koha item type
Existencias
Withdrawn status Lost status Damaged status Not for loan Home library Current library Shelving location Date acquired Total checkouts Full call number Barcode Date last seen Price effective from Koha item type
        Biblioteca Prof. Eusebio Cleto del Rey Biblioteca Prof. Eusebio Cleto del Rey   07/04/2026   P343.53 L735 L129337 07/04/2026 07/04/2026 Libro
        Biblioteca Prof. Eusebio Cleto del Rey Biblioteca Prof. Eusebio Cleto del Rey   07/04/2026   P343.53 L735 L129338 07/04/2026 07/04/2026 Libro